000
00310 a2200133 4500
005
20250630114639.0
020
_a
0-471-79674-3
082
_a
658.8 PAP
100
_a
PAPADOPOULS, N.
245
_a
Cases in Canadian Marketing,
260
_a
New York,
_b
McGRAW- HILL,
_c
2003.
300
_c
27 cm
942
_2
ddc
_c
BKS
999
_c
6473
_d
6473